'D' Typing Challenge Quiz Stats

 Plays Quiz Updated Nov 28, 2016

Challenge
Share
Tweet
Embed
Score 0/48 Timer 02:00
0 Plays Today
% Correct
id
99.7%
dog
99.2%
aid
98.6%
bold
98.3%
ride
98%
odor
97.8%
dent
97.5%
body
97.2%
drink
97.2%
deadly
97.1%
diddly
97%
loaded
96.9%
ddo
94.1%
iddle
93.9%
hadnd
93.3%
addds
93.1%
qudiz
92.7%
dedar
92.4%
rodde
92.2%
foddder
92.1%
powders
91.7%
diaddem
91.4%
midddle
91.2%
dandger
91.2%
% Correct
dor
89.8%
dal
89.2%
undr
88.4%
adre
87.5%
rodo
87.1%
idom
86.3%
vido
85.5%
cande
84.6%
burdn
78.1%
dode
77.8%
hardy
76.5%
dude
72%
odadt
66.9%
bdadd
63.2%
bdadld
59.6%
dredadd
55.1%
sdadldadd
49.9%
rdadddadr
44.5%
fdadded
40%
drdadmdad
36.3%
daddverb
32.4%
pdadddle
29.5%
ldadnded
26.5%
ddadddy
24%

You're not logged in!

Compare scores with friends on all Sporcle quizzes.
OR
Log In

You Might Also Like...

Show Comments

Extras

Top Quizzes Today


Score Distribution

Your Account Isn't Verified!

In order to create a playlist on Sporcle, you need to verify the email address you used during registration. Go to your Sporcle Settings to finish the process.

Report this User

Report this user for behavior that violates our Community Guidelines.

Details: